000 00840nam a2200205 a 4500
001 000042785
005 20201002040409.0
008 140210s2004 sp ab 000 0 spa d
020 _a8400082524
040 _aDO-SdBNP
_bspa
_cBNPHU
100 1 _aMartínez- Pinna, Jorge
_970130
245 1 0 _aTusculum latina :
_baproximación histórica a una ciudad del antiguo Lacio (siglos VI-IV a. C.) /
_cJorge Martínez-Pinna.
260 _aRoma :
_bEscuela Española de Historia y Arqueología,
_c2004.
300 _a230 p. :
_bil., mapas ;
_c25 cm.
490 1 _aHistórica
_v4
504 _aIncluye referencias bibliográficas y notas al pie de las páginas
710 2 _aConsejo Superior de Investigaciones Científicas (España)
_915178
710 2 _aEscuela Española de Historia y Arqueología en Roma
_965401
830 0 _aHistórica
_v4
_970131
999 _c42274
_d42274